ბათუმის შოთა რუსთაველის სახელმწიფო უნივერსიტეტის ბიბლიოთეკა

საერთაშორისო ურთიერთობების და დიპლომატიის ისტორია : (ბიბ.ჩანაწერი № 62786)

000 -ლიდერი
ფიქსირებული სიგრძის საკონტროლო ველი 01257nam a22002177a 4500
003 - საკონტროლო ნომრის იდენტიფიკატორი
საკონტროლო ველი Ge_BSU
005 - ბოლო ოპერაციის თარიღი და დრო
საკონტროლო ველი 20250213114634.0
008 - ფიქსირებული სიგრძის მონაცემთა ელემენტები - ზოგადი ინფორმაცია
ფიქსირებული სიგრძის საკონტროლო ველი 250213s2000 ge ||||| |||| 00| 0 geo d
020 ## - წიგნის საერთაშორისო სტანდარტული ნომერი
International Standard Book Number 9992877650
041 ## - ენის კოდი
Language code of text/sound track or separate title geo
080 ## - უნივერსალური ათობითი კლასიფიკაციის ინდექსი
Universal Decimal Classification number 327(09) მ-55
100 ## - მთავარი ჩანაწერი - პიროვნების სახელი
Personal name მენთეშაშვილი, ალბერტ
9 (RLIN) 24353
245 ## - ცნობა სათაურის შესახებ
Title საერთაშორისო ურთიერთობების და დიპლომატიის ისტორია :
Remainder of title [2 წიგნად]. წ. 1, უძველესი დროიდან - 1799 წლამდე /
Statement of responsibility, etc მენთეშაშვილი, ალბერტ ; [რედ.: გივი ჟორდანია]
264 ## - წარმოების, გამოცემის, დისტრიბუციის და სხვა ცნობები
გამოცემის, წარმოების, დისტრიბუციის... ადგილი თბილისი :
გამოცემის, წარმოების, დისტრიბუციის... სახელწოდება თბილ. უნ-ტის გამ-ბა,
გამოცემის, წარმოების, დისტრიბუციის... თარიღი 2000.
300 ## - ფიზიკური აღწერა
Extent 590 გვ.;
Other physical details 20 სმ.
504 ## - BIBLIOGRAPHY, ETC. NOTE
Bibliography, etc ბიბლიოგრაფია ტექსტის შენიშვნებში
653 ## - INDEX TERM--UNCONTROLLED
Uncontrolled term საერთაშორისო ურთიერთობების ისტორია
653 ## - INDEX TERM--UNCONTROLLED
Uncontrolled term დიპლომატიის ისტორია
700 ## - ADDED ENTRY--PERSONAL NAME
Personal name ჟორდანია, გივი
Relator term რედაქტორი.
9 (RLIN) 2864
942 ## - ADDED ENTRY ELEMENTS (KOHA)
Source of classification or shelving scheme
Koha item type წიგნი
ეგზემპლარები
ჩამოწერის სტატუსი დაკარგული ეგზემპლარის სტატუსი კლასიფიკაციის წყარო ან თაროზე გაწყობის სქემა დაზიანების სტატუსი არ გაიცემა მუდმივი მდებარეობა (დაცვის ადგილი) ამჟამინდელი ადგილსამყოფელი თაროზე განთავსების ადგილი შეძენის თარიღი ღირებულება, შესყიდვის ნორმალური ფასი სრული შენახვის შიფრი შტრიხკოდი ბოლო ოპერაციის თარიღი ეგზემპლარის მიმდევრობითი ნომერი (კეტერი?) Uniform Resource Identifier ფასის ძალაში შესვლის თარიღი ეგზემპლარის სახეობა საჯარო შენიშვნა
          ბათუმის შოთა რუსთაველის სახელმწიფო უნივერსიტეტის მთავარი ბიბლიოთეკა ბათუმის შოთა რუსთაველის სახელმწიფო უნივერსიტეტის მთავარი ბიბლიოთეკა წიგნსაცავი 2025-02-13 7.00 327(09) მ-55 70636 2025-02-13 70636 ნაჩუქარი 2025-02-13 წიგნი 7 ლ.